000 00437nam a2200193Ia 4500
005 20240823054413.0
008 240823s9999||||xx |||||||||||||| ||und||
020 _a978-81-239-2566-0
041 _aENGLISH
100 _a;Wrenn C L
245 4 _aThe English Language
250 _a1st
260 _c2013
_b"AITBS,"
_aDelhi
500 _aYES
650 _aEnglish
_bEnglish
700 _aWrenn C L
942 _cBK
999 _c226379
_d226379